| 000 | 00709nam a2200229 a 4500 | ||
|---|---|---|---|
| 001 | 9563 | ||
| 003 | BD-RjUL | ||
| 005 | 20211208234811.0 | ||
| 008 | 140121s1961 mau b 001 0 eng d | ||
| 035 | _a(BD-RjUL)9608 | ||
| 040 |
_aDLC _cODaWU _dBD-RjUL _beng |
||
| 041 | _aeng | ||
| 082 | 0 | 0 |
_a541 _223 _bGOI 1961 |
| 100 | 1 |
_aGolden, Sidney _929632 |
|
| 245 | 1 | 3 |
_aAn introduction to theoretical physical chemistry / _cSidney Golden |
| 260 |
_aReading, Mass. : _bAddison-Wesley Pub. Co., _c1961. |
||
| 300 |
_a307 p. ; _c24 cm. |
||
| 504 | _aIncludes bibliography and index. | ||
| 650 | 0 |
_aChemistry, Physical and theoretical. _929633 |
|
| 942 |
_2ddc _cBK |
||
| 999 |
_c9563 _d9563 |
||